World Cup 2014 Players by Letters - J - Statistics

General Stats
  • This quiz has been taken 106 times
  • The average score is 6 of 19
Answer Stats
Team Player % Correct
88%
USA Jermaine Jones
62%
Phil Jones
62%
Ji Dong-won
61%
USA Fabian Johnson
48%
England Glen Johnson
48%
Australia Mile Jedinak
37%
Belgium Adnan Januzaj
31%
Spain Juanfran
31%
Phil Jagielka
29%
Brazil Jefferson
28%
Mexico Raul Jimenez
28%
Netherlands Daryl Janmaat
19%
Chile Gonzalo Jara
17%
South Korea Jung Sung-ryong
16%
Iran Alireza Jahanbakhsh
12%
Croatia Nikica Jelavic
12%
Aron Johannsson
6%
Russia Iouri Jirkov
6%
No matching quizzes found
Score Distribution
Percent of People with Each Score
Percentile by Number Answered
Your Score History
You have not taken this quiz